[Event "ITA-chTA 52nd"]
[Site "Montesilvano"]
[Date "2021.09.23"]
[Round "5.3"]
[White "Salvetti, Alec"]
[Black "Barp, Alberto"]
[Result "0-1"]
[WhiteElo "2182"]
[BlackElo "2372"]
[PlyCount "124"]
[EventDate "2021.09.20"]
[EventType "team-tourn"]
[EventRounds "7"]
[EventCountry "ITA"]
[SourceTitle "CBM 204 Extra"]
[Source "ChessBase"]
[SourceDate "2021.11.30"]
[SourceVersion "1"]
[SourceVersionDate "2021.11.30"]
[SourceQuality "1"]
[WhiteTeam "Varese"]
[BlackTeam "WorldtradingLab"]
[WhiteTeamCountry "ITA"]
[BlackTeamCountry "ITA"]

1. e4 e5 2. Nf3 Nc6 3. Bc4 Bc5 4. c3 Nf6 5. d3 d6 6. Bb3 h6 7. Nbd2 Be6 8. h3 a5 9. Nf1 d5 10. Qe2 a4 11. Bc2 d4 12. a3 Qd7 13. Ng3 b5 14. 0-0 0-0 15. Nh4 Kh7 16. Qf3 Ng8 17. Ne2 Nge7 18. g4 g6 19. Ng3 Qd8 20. Kh2 Ng8 21. Ng2 Be7 22. Qe2 Bg5 23. f4 exf4 24. Nxf4 Ne5 25. Nxe6 fxe6 26. Bxg5 hxg5 27. Rxf8 Qxf8 28. Rf1 Qd6 29. Kg2 Rd8 30. Qd2 dxc3 31. Qxc3 c5 32. Ne2 Nh6 33. Rd1 Nhf7 34. Rf1 Kg8 35. Rd1 Qb6 36. d4 cxd4 37. Rxd4 Nc4 38. Rxd8+ Nxd8 39. Qd4 Qxd4 40. Nxd4 e5 41. Nxb5 Ne3+ 42. Kf2 Nxc2 43. Nc3 Ne6 44. Nxa4 Kf7 45. Nb6 Nc5 46. Ke2 Nd4+ 47. Ke3 Ndb3 48. Kf3 Kf6 49. Ke3 Ke6 50. Kf3 Nb7 51. Ke3 N7c5 52. Kf3 Nb7 53. Ke3 Nd6 54. Kd3 Nc5+ 55. Ke3 Ncxe4 56. a4 Nc5 57. b4 Na6 58. b5 Nc5 59. Kd2 e4 60. Ke3 Ke5 61. a5 Nxb5 62. Nc4+ Ke6 0-1

[Event "Lugano op 20th"]
[Site "Lugano"]
[Date "2015.11.07"]
[Round "2"]
[White "Larrea, Manuel"]
[Black "Salvetti, Alec"]
[Result "1-0"]
[WhiteElo "2311"]
[BlackElo "2237"]
[PlyCount "77"]
[EventDate "2015.11.06"]
[EventType "swiss"]
[EventRounds "5"]
[EventCountry "SUI"]
[SourceTitle "CBM 169 Extra"]
[Source "ChessBase"]
[SourceDate "2015.12.18"]
[SourceVersion "1"]
[SourceVersionDate "2015.12.18"]
[SourceQuality "1"]

1. e4 e5 2. Nf3 Nc6 3. Bc4 Bc5 4. c3 Nf6 5. d4 exd4 6. cxd4 Bb4+ 7. Nbd2 Nxe4 8. d5 Ne7 9. 0-0 Nxd2 10. Bxd2 Bxd2 11. d6 cxd6 12. Qxd2 d5 13. Bxd5 Nxd5 14. Qxd5 0-0 15. Qd6 a5 16. Rfe1 Ra6 17. Qd5 d6 18. Nd4 a4 19. Rac1 Ra5 20. Qc4 h6 21. Qb4 Ra6 22. Re3 Rb6 23. Qc3 Bd7 24. Rce1 Qc8 25. Qd2 Qc5 26. b3 axb3 27. axb3 Qd5 28. h3 Ra6 29. Qb2 Rfa8 30. Rg3 g6 31. Re7 Ra1+ 32. Kh2 R1a2 33. Qc3 Rc8 34. Qe3 Bf5 35. Rf3 Kf8 36. g4 Bb1 37. Rfxf7+ Kg8 38. Rg7+ Kh8 39. Qxh6# 1-0

[Event "Lugano op 20th"]
[Site "Lugano"]
[Date "2015.11.07"]
[Round "3"]
[White "Salvetti, Alec"]
[Black "Daneri, Martin"]
[Result "0-1"]
[WhiteElo "2237"]
[BlackElo "2112"]
[PlyCount "88"]
[EventDate "2015.11.06"]
[EventType "swiss"]
[EventRounds "5"]
[EventCountry "SUI"]
[SourceTitle "CBM 169 Extra"]
[Source "ChessBase"]
[SourceDate "2015.12.18"]
[SourceVersion "1"]
[SourceVersionDate "2015.12.18"]
[SourceQuality "1"]

1. d4 e6 2. Nf3 Nf6 3. c4 Bb4+ 4. Nbd2 0-0 5. Qc2 d5 6. a3 Be7 7. e3 b6 8. Bd3 dxc4 9. Nxc4 Bb7 10. Nce5 c5 11. dxc5 Bxc5 12. b4 Bd6 13. Bb2 h6 14. 0-0 Nbd7 15. Nc6 Qe8 16. Ncd4 Rc8 17. Qb1 Bb8 18. e4 Qe7 19. Re1 Rfd8 20. Ne2 Ng4 21. Ng3 Nde5 22. Nxe5 Nxe5 23. Bf1 Qh4 24. f3 Ng6 25. e5 Rd2 26. Re2 Rxe2 27. Bxe2 Nxe5 28. Qd1 Rd8 29. Qc2 Ng6 30. Nf1 Nf4 31. Rd1 Rxd1 32. Qxd1 Qg5 33. g3 Nxe2+ 34. Qxe2 Qd5 35. Kf2 a5 36. Ne3 Qb3 37. Qd2 Bc7 38. Qd4 e5 39. Qd2 f5 40. Bc1 f4 41. gxf4 exf4 42. Nf1 Qxf3+ 43. Kg1 b5 44. bxa5 Bxa5 0-1

[Event "Lugano New op-A 8th"]
[Site "Lugano"]
[Date "2015.04.06"]
[Round "6"]
[White "Colmenares, Aurelio"]
[Black "Salvetti, Alec"]
[Result "1-0"]
[WhiteElo "2331"]
[BlackElo "2239"]
[PlyCount "123"]
[EventDate "2015.04.03"]
[EventType "swiss"]
[EventRounds "6"]
[EventCountry "SUI"]
[SourceTitle "CBM 165 Extra"]
[Source "ChessBase"]
[SourceDate "2015.04.21"]
[SourceVersion "1"]
[SourceVersionDate "2015.04.21"]
[SourceQuality "1"]

1. e4 e5 2. Nf3 Nc6 3. d4 exd4 4. Nxd4 Bb4+ 5. c3 Bc5 6. Nxc6 bxc6 7. Bc4 d6 8. 0-0 Ne7 9. Qh5 0-0 10. Bg5 Qe8 11. Nd2 Be6 12. b4 Bb6 13. Bxe6 fxe6 14. Qxe8 Rfxe8 15. a4 a6 16. Nc4 Rab8 17. Nxb6 Rxb6 18. Be3 Rbb8 19. f4 Nc8 20. a5 e5 21. f5 Kf7 22. g4 d5 23. Bc5 Ne7 24. Rad1 Rbd8 25. Rfe1 Nc8 26. Rd2 Nd6 27. Bxd6 Rxd6 28. Red1 Red8 29. Kf2 Rh6 30. Kg3 Rhd6 31. Kf3 h6 32. Ke3 Kf6 33. h4 R8d7 34. g5+ hxg5 35. hxg5+ Kxg5 36. Rg2+ Kf6 37. Rdg1 Rf7 38. Rg6+ Ke7 39. Rxg7 Rh6 40. Rxf7+ Kxf7 41. Rg6 Rh3+ 42. Kd2 Rh2+ 43. Kd1 Rh1+ 44. Ke2 Rh2+ 45. Kf1 c5 46. bxc5 dxe4 47. Rxa6 Rc2 48. Rc6 Rxc3 49. a6 Ra3 50. Ke2 e3 51. Kf3 e4+ 52. Ke2 Ke7 53. Re6+ Kf7 54. Rh6 Kg7 55. Rc6 Kf7 56. Rxc7+ Kf6 57. a7 Kxf5 58. c6 Kf4 59. Rf7+ Ke5 60. Rd7 Kf4 61. c7 Ra2+ 62. Ke1 1-0

[Event "Lugano New op-A 8th"]
[Site "Lugano"]
[Date "2015.04.05"]
[Round "4"]
[White "Sonis, Francesco"]
[Black "Salvetti, Alec"]
[Result "0-1"]
[WhiteElo "2257"]
[BlackElo "2239"]
[PlyCount "104"]
[EventDate "2015.04.03"]
[EventType "swiss"]
[EventRounds "6"]
[EventCountry "SUI"]
[SourceTitle "CBM 165 Extra"]
[Source "ChessBase"]
[SourceDate "2015.04.21"]
[SourceVersion "1"]
[SourceVersionDate "2015.04.21"]
[SourceQuality "1"]

1. Nf3 Nf6 2. g3 d5 3. c4 e6 4. Bg2 Be7 5. 0-0 c6 6. b3 0-0 7. Bb2 Nbd7 8. d4 b6 9. Nbd2 Bb7 10. Qc2 Rc8 11. e4 c5 12. e5 Ne8 13. dxc5 Bxc5 14. Rad1 Nc7 15. Qb1 Qe7 16. Bc3 a5 17. Qb2 Ba6 18. Rfe1 Ba3 19. Qb1 dxc4 20. bxc4 Bb7 21. Ng5 Qxg5 22. Bxb7 Rb8 23. Ne4 Qe7 24. Bc6 Rfd8 25. Qb3 Bb4 26. Bxb4 axb4 27. Bxd7 Rxd7 28. Rxd7 Qxd7 29. Qxb4 Qd4 30. Ng5 h6 31. Nf3 Qg4 32. Qc3 Rc8 33. Qd3 Na6 34. Re4 Nc5 35. Rxg4 Nxd3 36. Rd4 Nc1 37. a3 Ne2+ 38. Kf1 Nxd4 39. Nxd4 Rxc4 40. Nb5 Rc5 41. Nd6 Rxe5 42. Nc4 Rb5 43. Ke2 Rb3 44. Kd2 b5 45. Nd6 Kf8 46. f4 Ke7 47. Kc2 Rxa3 48. Nxb5 Ra2+ 49. Kd3 Rxh2 50. Ke3 h5 51. Nd4 f6 52. Nf3 Rg2 0-1

[Event "Lugano New op 7th"]
[Site "Lugano"]
[Date "2013.03.31"]
[Round "5"]
[White "Sipos, Istvan"]
[Black "Salvetti, Alec"]
[Result "1-0"]
[WhiteElo "2458"]
[BlackElo "2226"]
[PlyCount "91"]
[EventDate "2013.03.29"]
[EventType "swiss"]
[EventRounds "6"]
[EventCountry "SUI"]
[SourceTitle "CBM 153 Extra"]
[Source "ChessBase"]
[SourceDate "2013.04.22"]
[SourceVersion "1"]
[SourceVersionDate "2013.04.22"]
[SourceQuality "1"]

1. e4 e5 2. Nf3 Nc6 3. Bb5 Nf6 4. d3 Bc5 5. c3 0-0 6. 0-0 d6 7. h3 Bb6 8. Nbd2 Ne7 9. Re1 c6 10. Ba4 Ng6 11. Nf1 Nh5 12. d4 Nhf4 13. Ng3 Qf6 14. Bc2 h6 15. Nf5 Re8 16. Kh2 Bxf5 17. exf5 Nh4 18. g3 Nxf3+ 19. Qxf3 Ne6 20. Qg2 Nf8 21. dxe5 dxe5 22. a4 a5 23. Bd2 Rad8 24. Re2 Nd7 25. Rae1 Qd6 26. Bf4 Qf8 27. Bc1 Bc7 28. Qe4 Nf6 29. Qc4 Qd6 30. Rd1 Qf8 31. Rxd8 Rxd8 32. Be3 Qd6 33. Bb3 Nd5 34. Bc1 Qf6 35. Qg4 Bb6 36. Kg2 Kh7 37. Bc2 Qd6 38. f6+ g6 39. Qh4 Nxf6 40. Bxh6 Qd5+ 41. f3 e4 42. fxe4 Qh5 43. Bg5 Qxh4 44. Bxh4 g5 45. Bxg5 Kg6 46. h4 1-0

[Event "ITA-chT"]
[Site "Arvier"]
[Date "2012.04.28"]
[Round "3"]
[White "Salvetti, Alec"]
[Black "Bove, Alessandro"]
[Result "1/2-1/2"]
[WhiteElo "2210"]
[BlackElo "2362"]
[PlyCount "105"]
[EventDate "2012.04.27"]
[EventType "team-swiss"]
[EventRounds "7"]
[EventCountry "ITA"]
[SourceTitle "CBM 148 Extra"]
[Source "ChessBase"]
[SourceDate "2012.06.22"]
[SourceVersion "1"]
[SourceVersionDate "2012.06.22"]
[SourceQuality "1"]
[WhiteTeam "Torveca"]
[BlackTeam "Palermo"]
[WhiteTeamCountry "ITA"]
[BlackTeamCountry "ITA"]

1. e4 e6 2. d4 d5 3. Nd2 Be7 4. exd5 exd5 5. Bd3 Nc6 6. c3 Nf6 7. h3 0-0 8. Ne2 Bd6 9. 0-0 Ne7 10. Ng3 Re8 11. Nf3 Ng6 12. Bg5 Nf4 13. Qd2 Nxd3 14. Qxd3 h6 15. Bxf6 Qxf6 16. Rae1 Bd7 17. Nh2 a6 18. b3 Qf4 19. Nf3 Rxe1 20. Rxe1 Re8 21. Rxe8+ Bxe8 22. Ne2 Qf6 23. Qe3 Qe7 24. Qd3 Qe6 25. a4 f6 26. Nh4 Bf7 27. Nf5 Bf8 28. Ne3 Bd6 29. g4 h5 30. f3 hxg4 31. hxg4 Bg6 32. Nf5 Bxf5 33. gxf5 Qe8 34. Kf2 Qh5 35. b4 Kh7 36. a5 c6 37. Ke1 Qg5 38. Kd1 Kh6 39. Ke1 Bf4 40. Kd1 Qh4 41. Kc2 Qf2 42. Kb3 Be3 43. f4 Kh5 44. Qd1 Kg4 45. Ng1+ Kg3 46. Ne2+ Kf3 47. Nc1+ Kg2 48. Nd3 Qd2 49. Qg4+ Kf1 50. Qf3+ Kg1 51. Qg3+ Kf1 52. Qf3+ Kg1 53. Qg3+ 1/2-1/2

[Event "Lugano New op 6th"]
[Site "Lugano"]
[Date "2012.04.08"]
[Round "5"]
[White "Meszaros, Gyula"]
[Black "Salvetti, Alec"]
[Result "0-1"]
[WhiteElo "2273"]
[BlackElo "2210"]
[PlyCount "128"]
[EventDate "2012.04.06"]
[EventType "swiss"]
[EventRounds "6"]
[EventCountry "SUI"]
[SourceTitle "CBM 148 Extra"]
[Source "ChessBase"]
[SourceDate "2012.06.22"]
[SourceVersion "1"]
[SourceVersionDate "2012.06.22"]
[SourceQuality "1"]

1. d4 d5 2. Nc3 Nf6 3. Bg5 Nbd7 4. Nf3 h6 5. Bh4 c6 6. e3 e6 7. Bd3 Qc7 8. Bg3 Bd6 9. Qe2 0-0 10. e4 Bxg3 11. hxg3 e5 12. dxe5 Nxe5 13. Nxe5 Qxe5 14. exd5 Re8 15. Qxe5 Rxe5+ 16. Kd2 Nxd5 17. f4 Re8 18. Nxd5 cxd5 19. Rae1 Bd7 20. Kc3 Kf8 21. Kd4 Rac8 22. Rhg1 Re6 23. Rxe6 fxe6 24. Re1 Ke7 25. g4 Kd6 26. Re5 Rf8 27. g3 g5 28. f5 Rf6 29. b3 b6 30. a3 a5 31. c3 Bc8 32. b4 axb4 33. cxb4 Bd7 34. Bc2 Rf8 35. a4 Rc8 36. Bd3 Ra8 37. Bb5 Rc8 38. Re1 exf5 39. Bxd7 Rc4+ 40. Kd3 Kxd7 41. gxf5 Rxb4 42. f6 Re4 43. Rh1 Ke6 44. Rxh6 Kf7 45. Rh7+ Kxf6 46. Rh6+ Kf5 47. Rxb6 Rxa4 48. Ke2 Ra2+ 49. Ke1 Ke4 50. Rg6 Ke3 51. Kf1 Kf3 52. Rf6+ Kxg3 53. Rf5 Ra1+ 54. Ke2 g4 55. Rxd5 Kg2 56. Rg5 g3 57. Rg8 Ra7 58. Re8 Rf7 59. Re6 Kg1 60. Re8 g2 61. Rh8 Re7+ 62. Kd2 Re4 63. Kd3 Re1 64. Kd2 Re5 0-1

[Event "Lugano New op 6th"]
[Site "Lugano"]
[Date "2012.04.07"]
[Round "2"]
[White "Sipos, Istvan"]
[Black "Salvetti, Alec"]
[Result "1/2-1/2"]
[WhiteElo "2447"]
[BlackElo "2210"]
[PlyCount "80"]
[EventDate "2012.04.06"]
[EventType "swiss"]
[EventRounds "6"]
[EventCountry "SUI"]
[SourceTitle "CBM 148 Extra"]
[Source "ChessBase"]
[SourceDate "2012.06.22"]
[SourceVersion "1"]
[SourceVersionDate "2012.06.22"]
[SourceQuality "1"]

1. c4 c6 2. d4 d5 3. Nc3 Nf6 4. cxd5 cxd5 5. Bf4 Nc6 6. e3 a6 7. Rc1 Bf5 8. Nf3 e6 9. Qb3 Ra7 10. Be2 Be7 11. 0-0 Nd7 12. h3 0-0 13. Na4 Qa5 14. a3 Rc8 15. Ne5 Ndxe5 16. Bxe5 b5 17. Nc5 Qd8 18. Bg3 Na5 19. Qc3 Nc4 20. b3 Bf6 21. Nd3 Nd6 22. Qb2 Bxd3 23. Rxc8 Qxc8 24. Bxd3 Be7 25. Rc1 Rc7 26. Rxc7 Qxc7 27. a4 bxa4 28. bxa4 a5 29. Kf1 g6 30. Qc2 Qb7 31. Ke2 Ne4 32. Bc7 Qb4 33. Bxe4 dxe4 34. Kf1 f5 35. Be5 Kf7 36. Kg1 Bd6 37. Qc8 Bxe5 38. dxe5 Qxa4 39. Qh8 Qe8 40. Qxh7+ Kf8 1/2-1/2

[Event "Ascona-A"]
[Site "Ascona"]
[Date "2011.12.07"]
[Round "5"]
[White "Salvetti, Alec"]
[Black "Botta, Gabriele"]
[Result "0-1"]
[WhiteElo "2248"]
[BlackElo "2303"]
[PlyCount "138"]
[EventDate "2011.12.04"]
[EventType "tourn"]
[EventRounds "9"]
[EventCountry "SUI"]
[EventCategory "7"]
[SourceTitle "CBM 145 Extra"]
[Source "ChessBase"]
[SourceDate "2012.01.03"]
[SourceVersion "1"]
[SourceVersionDate "2012.01.03"]
[SourceQuality "1"]

1. c4 c6 2. Nf3 Nf6 3. e3 d5 4. Qc2 e6 5. Nc3 Bd6 6. b3 0-0 7. Bb2 Qe7 8. Be2 b6 9. 0-0 Bb7 10. d4 Nbd7 11. e4 dxe4 12. Nxe4 Nxe4 13. Qxe4 Nf6 14. Qh4 c5 15. dxc5 Bxc5 16. Bd3 h6 17. Ne5 Rad8 18. Rad1 Ba8 19. Kh1 Ne4 20. Qxe7 Bxe7 21. f3 Nc5 22. Bc2 Rxd1 23. Rxd1 Rd8 24. Rxd8+ Bxd8 25. b4 Na6 26. a3 f6 27. Nd3 Kf7 28. Kg1 Be7 29. Kf2 Nc7 30. f4 Ne8 31. g3 g5 32. Bb3 Nd6 33. Ke3 Nf5+ 34. Kd2 Nd6 35. Bd4 gxf4 36. gxf4 Nf5 37. Bf2 Bd6 38. Kc3 Be4 39. c5 Bc7 40. cxb6 axb6 41. a4 Ke7 42. Bc4 h5 43. Nb2 Bxf4 44. Bxb6 Bxh2 45. Bd3 Be5+ 46. Kd2 Ng3 47. Nc4 Bf4+ 48. Be3 Bxe3+ 49. Nxe3 h4 50. Ng4 f5 51. Nh2 Kd6 52. a5 Bxd3 53. Kxd3 e5 54. a6 Kc6 55. b5+ Kb6 56. Ke3 h3 57. Kf3 Ne4 58. Nf1 Nd6 59. Kg3 Nxb5 60. Kxh3 Kxa6 61. Kh4 Nd4 62. Kg5 Kb5 63. Kf6 e4 64. Ke5 Kc4 65. Ng3 Kd3 66. Nh5 e3 67. Nf4+ Kc3 68. Nd5+ Kd2 69. Nf4 e2 0-1

[Event "ITA-chT 43rd"]
[Site "Spoleto"]
[Date "2011.04.28"]
[Round "1"]
[White "Salvetti, Alec"]
[Black "Rombaldoni, Denis"]
[Result "0-1"]
[WhiteElo "2262"]
[BlackElo "2498"]
[PlyCount "65"]
[EventDate "2011.04.28"]
[EventType "team"]
[EventRounds "7"]
[EventCountry "ITA"]
[SourceTitle "EXT 2012"]
[Source "ChessBase"]
[SourceDate "2011.11.24"]
[SourceVersion "1"]
[SourceVersionDate "2011.11.24"]
[SourceQuality "1"]
[WhiteTeam "Torveca"]
[BlackTeam "Scavolini Siviglia Pesaro"]
[WhiteTeamCountry "ITA"]
[BlackTeamCountry "ITA"]

1. c4 c6 2. Nf3 Nf6 3. g3 d5 4. Qc2 Nbd7 5. d4 Nb6 6. Nbd2 g6 7. Bg2 Bf5 8. Qb3 dxc4 9. Qc3 Bg7 10. Nxc4 Ne4 11. Qb4 Bxd4 12. 0-0 Nxc4 13. Qxc4 Bg7 14. Bf4 Nd6 15. Qb4 Qb6 16. Qxb6 axb6 17. Be5 0-0 18. Bxg7 Kxg7 19. Nd4 Bd7 20. Rfd1 Rfd8 21. b3 b5 22. Rd2 c5 23. Nc2 Ra7 24. a3 Be6 25. b4 b6 26. Rb1 Rc8 27. e4 Ba2 28. Ra1 Bb3 29. Rb1 Nc4 30. Re2 Bxc2 31. Rxc2 Nxa3 32. Ra2 Nxb1 33. Rxa7 0-1